| 000 | 00758nam a22002297a 4500 | ||
|---|---|---|---|
| 999 |
_c250 _d250 |
||
| 003 | AR-CdUCM | ||
| 008 | 190222b ||||| |||| 00| 0 spa d | ||
| 020 | _a8470760351 | ||
| 040 |
_aMUNICIPALIDAD PROVINCIAL DEL CUSCO _cBIBLIOTECA MUNICIPAL DEL CUSCO |
||
| 082 |
_a858.8 / _bSA164 |
||
| 100 |
_aSalgari, Emilio _9800 |
||
| 245 | _aEl Gran Sakem / | ||
| 260 |
_aMadrid : _bGahe, _c1975. |
||
| 300 |
_a174 paginas ; _b8 Ilustraciones. _c20 cm. |
||
| 505 | _aEl terrible artillero -- Las dos bolsas -- La caza por el Atlántico -- Una atrevida expedición -- El bohemio... | ||
| 650 |
_aTripulación _91074 |
||
| 650 |
_aArtillera _91075 |
||
| 650 |
_aCorsario _9839 |
||
| 650 |
_aCabeza de piedra _91076 |
||
| 942 |
_2ddc _cLIBROS |
||
| 945 |
_awnts _d2019-02-22 |
||